|
|
|
|
| LEADER |
02687nam a22003977a 4500 |
| 001 |
34648 |
| 003 |
BD-DhAAL |
| 005 |
20211111104021.0 |
| 008 |
190512r20182017nyua|||| |||| 001 0 eng d |
| 999 |
|
|
|c 40676
|d 40676
|
| 020 |
|
|
|a 9789353161569
|
| 020 |
|
|
|a 9353161568
|
| 040 |
|
|
|a BD-DhAAL
|
| 082 |
|
|
|a 005.133
|2 23
|
| 100 |
|
|
|a Sierra, Kathy
|9 31575
|
| 245 |
|
|
|a OCA java SE 8 programmer I exam guide (Exams 1Z0-808) /
|c Kathy Sierra and Bert Bates
|
| 250 |
|
|
|a McGraw-Hill Education (India) edition 2018
|
| 260 |
|
|
|a New York ;
|a India :
|b McGraw-Hill Education,
|c c2017 [reprinted]
|
| 300 |
|
|
|a xxxvii, 437 pages :
|b illustrations ;
|c 23 cm.
|
| 500 |
|
|
|a Includes index.
|
| 526 |
|
|
|a CSE
|
| 541 |
|
|
|a Karim International, HYE Trade International
|e 34648, 34649, 36510, 36509
|
| 650 |
|
|
|a Java (Computer program language)
|x Examinations
|v Study guides.
|9 31576
|
| 650 |
|
|
|a Java (Computer program language)
|9 31577
|
| 650 |
|
|
|a Computer science
|9 42518
|
| 700 |
|
|
|a Bates, Bert
|9 31578
|
| 852 |
|
|
|a Ayesha Abed Library
|c General Stacks
|
| 942 |
|
|
|2 ddc
|c BK
|
| 952 |
|
|
|0 0
|1 0
|2 ddc
|4 0
|6 005_133000000000000_SIE
|7 0
|9 65448
|a BRACUL
|b BRACUL
|c AV
|d 2019-04-30
|e Karim International
|g 1310.00
|l 0
|o 005.133 SIE
|p 4010034649
|r 2019-04-30
|t 2
|v 1310.00
|w 2019-04-30
|y AV
|
| 952 |
|
|
|0 0
|1 0
|2 ddc
|4 0
|6 005_133000000000000_SIE
|7 0
|9 65449
|a BRACUL
|b BRACUL
|c AV
|d 2019-04-30
|e Karim International
|g 1310.00
|l 1
|o 005.133 SIE
|p 4010034648
|r 2019-08-01
|s 2019-08-01
|t 1
|v 1310.00
|w 2019-04-30
|y AV
|
| 952 |
|
|
|0 0
|1 0
|2 ddc
|4 0
|6 005_133000000000000_SIE
|7 0
|9 65485
|a BRACUL
|b BRACUL
|c GEN
|d 2019-04-30
|e Karim International
|g 1310.00
|l 1
|m 10
|o 005.133 SIE
|p 3010034648
|r 2020-01-07
|s 2019-11-06
|t 1
|v 1310.00
|w 2019-04-30
|y BK
|
| 952 |
|
|
|0 0
|1 0
|2 ddc
|4 0
|6 005_133000000000000_SIE
|7 0
|9 65486
|a BRACUL
|b BRACUL
|c GEN
|d 2019-04-30
|e Karim International
|g 1310.00
|l 4
|m 12
|o 005.133 SIE
|p 3010034649
|r 2026-03-03
|s 2026-02-17
|t 2
|v 1310.00
|w 2019-04-30
|y BK
|
| 952 |
|
|
|0 0
|1 0
|2 ddc
|4 0
|6 005_133000000000000_SIE
|7 0
|9 66875
|a BRACUL
|b BRACUL
|c GEN
|d 2019-10-21
|e Hye Trade International
|g 819.00
|l 0
|o 005.133 SIE
|p 3010036510
|r 2019-10-21
|t 4
|v 819.00
|w 2019-10-21
|y BK
|
| 952 |
|
|
|0 0
|1 0
|2 ddc
|4 0
|6 005_133000000000000_SIE
|7 0
|9 66876
|a BRACUL
|b BRACUL
|c GEN
|d 2019-10-21
|e Hye Trade International
|g 819.00
|l 0
|o 005.133 SIE
|p 3010036509
|r 2019-10-21
|t 3
|v 819.00
|w 2019-10-21
|y BK
|
| 952 |
|
|
|0 0
|1 0
|2 ddc
|4 0
|6 005_133000000000000_SIE
|7 0
|9 66935
|a BRACUL
|b BRACUL
|c GEN
|d 2019-10-21
|e Hye Trade International
|g 819.00
|l 0
|o 005.133 SIE
|p 4010036509
|r 2019-10-30
|t 3
|v 819.00
|w 2019-10-21
|y AV
|
| 952 |
|
|
|0 0
|1 4
|2 ddc
|4 0
|6 005_133000000000000_SIE
|7 0
|9 66936
|a BRACUL
|b BRACUL
|c GEN
|d 2019-10-21
|e Hye Trade International
|g 819.00
|l 0
|o 005.133 SIE
|p 4010036510
|r 2019-10-30
|t 4
|v 819.00
|w 2019-10-21
|y AV
|x Koha Inventory 2020
|